Major seed spices:production technology (Record no. 368306)
[ view plain ]
| 000 -LEADER | |
|---|---|
| fixed length control field | 004260000a22001930004500 |
| 050 ## - LIBRARY OF CONGRESS CALL NUMBER | |
| Classification number | 010 |
| 060 ## - NATIONAL LIBRARY OF MEDICINE CALL NUMBER | |
| Classification number | 100 |
| 082 ## - DEWEY DECIMAL CLASSIFICATION NUMBER | |
| Classification number | 631.521 GOP |
| 100 ## - MAIN ENTRY--PERSONAL NAME | |
| Personal name | Anwer, MM |
| 100 ## - MAIN ENTRY--PERSONAL NAME | |
| Personal name | Gopal, Lal |
| 100 ## - MAIN ENTRY--PERSONAL NAME | |
| Personal name | Maheria, SP |
| 100 ## - MAIN ENTRY--PERSONAL NAME | |
| Personal name | Meena, SS |
| 100 ## - MAIN ENTRY--PERSONAL NAME | |
| Personal name | Mehta, RS |
| 245 ## - TITLE STATEMENT | |
| Title | Major seed spices:production technology |
| 260 ## - PUBLICATION, DISTRIBUTION, ETC. (IMPRINT) | |
| Place of publication, distribution, etc. | Udaipur, Agrotech publishing acdemy |
| 260 ## - PUBLICATION, DISTRIBUTION, ETC. (IMPRINT) | |
| Date of publication, distribution, etc. | 2012 |
| 300 ## - PHYSICAL DESCRIPTION | |
| Extent | 248 |
| 942 ## - ADDED ENTRY ELEMENTS (KOHA) | |
| Koha item type | Books (General) |
| Withdrawn status | Lost status | Damaged status | Not for loan | Home library | Current library | Date acquired | Cost, normal purchase price | Total Checkouts | Total Renewals | Full call number | Barcode | Date last seen | Date checked out | Price effective from | Koha item type |
|---|---|---|---|---|---|---|---|---|---|---|---|---|---|---|---|
| College of Agriculture, Vellayani | College of Agriculture, Vellayani | 02/05/2014 | 880.00 | 3 | 1 | 631.521 GOP | KAU_COAV-27767 | 08/09/2023 | 05/09/2023 | 02/05/2014 | Books (General) |
